Countries with R - Statistics

General Stats
  • This quiz has been taken 185 times
  • The average score is 75 of 92
Answer Stats
Country % Correct
Russia
97%
Andorra
95%
Australia
95%
Brazil
95%
Norway
95%
Argentina
94%
France
94%
North Korea
94%
Romania
94%
Rwanda
94%
Austria
93%
Germany
93%
Ireland
93%
South Africa
92%
South Korea
92%
Turkey
92%
Paraguay
90%
Belarus
89%
Costa Rica
89%
Iran
89%
Iraq
89%
Niger
89%
Nigeria
89%
Portugal
89%
Algeria
88%
Armenia
88%
Bulgaria
88%
Czech Republic
88%
Israel
88%
Uruguay
87%
Greece
86%
Hungary
86%
Madagascar
86%
Suriname
86%
Honduras
85%
Morocco
85%
Netherlands
85%
Peru
85%
Croatia
84%
Nicaragua
84%
Serbia
84%
Burundi
83%
Saudi Arabia
83%
Sri Lanka
83%
Switzerland
83%
Turkmenistan
83%
United Arab Emirates
83%
Azerbaijan
82%
Jordan
82%
Ukraine
82%
Mauritania
81%
Republic of the Congo
81%
Syria
81%
Democratic Republic of the Congo
80%
Denmark
80%
Luxembourg
80%
Barbados
79%
Dominican Republic
79%
Eritrea
79%
Mauritius
79%
Trinidad and Tobago
79%
Cameroon
78%
Central African Republic
78%
Cyprus
78%
Ecuador
78%
Marshall Islands
78%
Antigua and Barbuda
77%
El Salvador
77%
Federated States of Micronesia
77%
San Marino
77%
Bahrain
76%
Brunei
76%
Burma
76%
Montenegro
75%
Comoros
74%
Qatar
74%
Burkina Faso
73%
Côte d'Ivoire
73%
East Timor
72%
Equatorial Guinea
72%
Kyrgyzstan
72%
Georgia
71%
Liberia
71%
Singapore
71%
St Vincent and the Grenadines
71%
Grenada
70%
Kiribati
70%
Cape Verde
69%
Sierra Leone
67%
Nauru
64%
Bosnia and Herzegovina
59%
São Tomé and Príncipe
57%
No matching quizzes found
Score Distribution
Percent of People with Each Score
Percentile by Number Answered
Your Score History
You have not taken this quiz